Zgadnij wykonawcę po tytule piosenki #2 - Statystyki

Ogólne statystyki
  • Ten quiz został rozwiązany 71 razy
  • Średni wynik to 8 z 15
Statystyki odpowiedzi
Tytuł Wykonawca % Poprawnych
Długość dźwięku samotności Myslovitz
84%
Takie Tango Budka Suflera
76%
To nie ja Edyta Górniak
75%
Ta Sama Chwila Bajm
71%
Kiedy Powiem Sobie Dość ONA
67%
Kołysanka dla nieznajomej Perfect
65%
Dziewczyna Szamana Justyna Steczkowska
62%
Kolorowe sny Just 5
60%
Teksański Hey
53%
Rysa na szkle Urszula
53%
Plus i Minus Kaliber 44
49%
Zamigotał Świat Varius Manx
38%
Światło Natalia Kukulska
35%
Ostatni Edyta Bartosiewicz
31%
Prawo Ich Troje
18%
Nie znaleziono quizów pasujących do podanych kryteriów
Rozkład punktacji
Procent ludzi z każdym wynikiem
Percentyl według liczby udzielonych odpowiedzi
Twoja historia wyników
Nie rozwiązałeś tego quizu